Le arti e i mestieri illustrati / (Record no. 152146)

MARC details
000 -LEADER
campo de control de longitud fija 00550nam a2200169 i 4500
001 - NÚMERO DE CONTROL
campo de control 152146
003 - IDENTIFICADOR DE NÚMERO DE CONTROL
campo de control ES-MaACL
005 - FECHA Y HORA DE LA ÚLTIMA TRANSACCIÓN
campo de control 20250812082609.0
008 - DATOS DE LONGITUD FIJA--INFORMACIÓN GENERAL
campo de control de longitud fija 051010m18851886it a |||| | ita d
100 1# - ENTRADA PRINCIPAL--NOMBRE DE PERSONA
Nombre de persona Bitard, Adolphe.
9 (RLIN) 125997
245 13 - MENCIÓN DEL TÍTULO
Título Le arti e i mestieri illustrati /
Mención de responsabilidad, etc. per Adolfo Bitard.
260 ## - PUBLICACIÓN, DISTRIBUCIÓN, ETC.
Lugar de publicación, distribución, etc. Milano :
Nombre del editor, distribuidor, etc. Edoardo Sonzogno,
Fecha de publicación, distribución, etc. 1885-1886.
300 ## - DESCRIPCIÓN FÍSICA
Extensión 2 v. (807 ; 792 p., lám.) ;
Dimensiones 27 cm.
650 #7 - PUNTO DE ACCESO ADICIONAL DE MATERIA--TÉRMINO DE MATERIA
Término de materia o nombre geográfico como elemento de entrada Artes decorativas
Fuente del encabezamiento o término embne
9 (RLIN) 135625
852 ## - LOCALIZACIÓN
Ubicación ES-MaACL
Número de control de estantería G-6057-58
Nota libre - Enc. ed. en tela
Holdings
Estatus retirado Estado de pérdida Estado de daño No para préstamo Colección Biblioteca de origen Biblioteca actual Ubicación en estantería Fecha de adquisición Total de préstamos Signatura topográfica completa Código de barras Visto por última vez Precio de reemplazo Tipo de ítem Koha
        Libros del s. XIX Biblioteca del Ateneo de Madrid Biblioteca del Ateneo de Madrid Depósito 2 17/01/2008   G-6057-58 1158838 23/02/2023 23/02/2023 Libro impreso antiguo